000 00292nam a2200121Ia 4500
100 _aSubramanya/K.
942 _cBK
654 _aTheory & Application
245 _aTheory & Application Of Fluid Mechanics
260 _bTata McGraw Hill
_aNEW DELHI
_c1993
300 _a752
546 _aENGLISH
999 _c29035
_d29035